Hodnotenie ekonomickej výkonnosti malých a stredných podnikov a väzba na makroekonomické agregáty v podmienkach SR dizertačná práca

Guardado en:
Detalles Bibliográficos
Autor principal: Lukáč, Jakub, 1992-
Autor Corporativo: Fakulta podnikového manažmentu EU. Katedra podnikových financií
Otros Autores: Markovič, Peter, 1974-
Formato: Libro
Lenguaje:eslovaco
Publicado: Bratislava 2018
Materias:
Etiquetas: Agregar Etiqueta
Sin Etiquetas, Sea el primero en etiquetar este registro!

MARC

LEADER 00000nbm a2200000 4500
001 0247718
005 20230227104335.9
041 0 |a slo 
044 |a SK 
245 1 0 |a Hodnotenie ekonomickej výkonnosti malých a stredných podnikov a väzba na makroekonomické agregáty v podmienkach SR  |b dizertačná práca  |c Jakub Lukáč ; školiteľ: Peter Markovič 
264 1 |a Bratislava  |c 2018 
300 |a 166 s. 
610 2 0 |a podnik malý 
610 2 0 |a podnik stredný 
610 2 0 |a výkonnosť podniku 
610 2 0 |a produkt domáci hrubý 
610 2 0 |a Slovensko 
100 1 |a Lukáč, Jakub, 1992- 
700 1 |a Markovič, Peter, 1974- 
710 2 |a Fakulta podnikového manažmentu EU. Katedra podnikových financií